دراسة نقدية لقانون حماية البيانات الشخصية رقم (151) لسنة 2020 : (Record no. 29082)
[ view plain ]
| 000 -الفاتح | |
|---|---|
| حقل البيانات ثابتة الطول | 01693nam a22002657a 4500 |
| 003 - محدد رقم الضبط | |
| رقم الضبط | EG-ScBUE |
| 005 - وقت وتاريخ اخر تعامل مع التسجيلة | |
| رقم الضبط | 20210418101000.0 |
| 008 - عناصر البيانات ثابتة الطول - معلومات عامة | |
| حقل البيانات ثابتة الطول | 210418s2020 ua o f 000 0 ara d |
| 040 ## - مصدر الفهرسة | |
| وكالة الفهرسة الأصلية | EG-ScBUE |
| لغة الفهرسة | ara |
| قواعد الوصف | rda |
| وكالة النسخ | EG-ScBUE |
| وكالة التعديل | EG-ScBUE |
| 043 ## - رمز المنطقة الجغرافية | |
| رمز المنطقة الجغرافية | f-ua--- |
| 082 04 - رقم تصنيف ديوى العشرى | |
| رقم التصنيف | 342.620858 |
| رقم المادة | ج ا م |
| رقم الطبعة | 22 |
| 110 2# - المدخل الرئيسى - إسم هيئة | |
| اسم الهيئة أو اسم السلطة كمدخل | الجامعة البريطانية في مصر |
| وحده ملحقة | كلية القانون. |
| -- | مركز بحوث القانون والتكنولوجيا، |
| الدور | معد. |
| 245 10 - بيان العنوان | |
| العنوان | دراسة نقدية لقانون حماية البيانات الشخصية رقم (151) لسنة 2020 : |
| بقية العنوان | تتضمن الدراسة توصيات ورشة العمل المنعقدة بكلية القانون بالجامعة البريطانية في مصر يوم الإثنين الموافق 12 أكتوبر 2020 / |
| بيان المسئوليه,etc | إعداد مركز بحوث القانون والتكنولوجيا ؛ إشراف أ. د. حسن عبد الحميد، عميد كلية القانون بالجامعة البريطانية، مدير مركز بحوث القانون والتكنولوجيا. |
| 264 #1 - النشر، التوزيع | |
| مكان الناشر او الموزع | [القاهرة] : |
| اسم الناشر او الموزع | الجامعة البريطانية، كلية القانون : |
| -- | مكتب أندرسن للمحاماة، |
| تاريخ النشر أو التوزيع | 2020. |
| 300 ## - الوصف المادى | |
| التعداد | 138 صفحة : |
| تفاصيل ماديه اخرى للوعاء | صور ; |
| أبعاد الوعاء | 30 سم |
| 336 ## - نوع المحتوى | |
| source | rdacontent |
| Carrier Type Term | نص |
| Content Type Code | txt |
| 337 ## - نوع الوسيط | |
| source | rdamedia |
| Media Type Term | بدون وسيط |
| Media Type Code | n |
| 338 ## - نوع الحامل أو الناقل | |
| source | rdacarrier |
| Carrier Type Term | مجلد |
| Carrier Type Code | nc |
| 650 #7 - المدخل الاضافى بالموضوع-مصطلح موضوعى | |
| مصطلح موضوعي أو اسم جغرافي كعنصر مدخل | البيانات، حماية |
| التقسيم الفرعي الشكلي | قوانين وتشريعات |
| التقسيم الفرعي الجغرافي | مصر |
| مصدر الرأس أو المصطلح | BUEsh |
| 650 #7 - المدخل الاضافى بالموضوع-مصطلح موضوعى | |
| مصطلح موضوعي أو اسم جغرافي كعنصر مدخل | حق الملكية |
| التقسيم الفرعي الشكلي | قوانين و تشريعات |
| التقسيم الفرعي الجغرافي | مصر |
| مصدر الرأس أو المصطلح | BUEsh |
| 653 ## - مصطلح تكشيفى غير مقيد | |
| Resource For college | Law |
| Arrived date list | April2021 |
| 655 ## - مصطلح تكشيفى-نوع/شكل | |
| التقسيم الفرعي الشكلي | Reading book |
| -- | 34232 |
| 700 1# - المدخل الاضافى - اسم شخصى | |
| الإسم الشخصى | عبد الحميد، حسن، |
| الدور | مشرف. |
| 942 ## - عناصر المدخل الإضافي( كوها) | |
| مصدر التصنيف او مخطط الترفيف | Dewey Decimal Classification |
| حالة التراجع | حالة الفقد | مصدر التصنيف او خطة الترفيف | حالة تلف | ليس للاعارة | مجموعات كوها | المكان الدائم | المكان الحالي | موقع الترفيف | تاريخ الاكتساب | Source of acquisition | رقم الاستدعاء | الباركود | Date last seen | نوع الوعاء | مُعار |
|---|---|---|---|---|---|---|---|---|---|---|---|---|---|---|---|
| Dewey Decimal Classification | Donation-Gift | Central Library | Central Library | First floor | 18/04/2021 | Donation | 342.620858 ج ا م | 000050185 | 15/07/2025 | NB - Book (Non borrowing) | |||||
| Dewey Decimal Classification | Donation-Gift | Central Library | Central Library | First floor | 18/04/2021 | Donation | 342.620858 ج ا م | 000050186 | 15/07/2025 | NB - Book (Non borrowing) | 02/11/2024 | ||||
| Dewey Decimal Classification | Donation-Gift | Central Library | Central Library | First floor | 18/04/2021 | Donation | 342.620858 ج ا م | 000050187 | 15/07/2025 | Book - Borrowing | |||||
| Dewey Decimal Classification | Donation-Gift | Central Library | Central Library | First floor | 18/04/2021 | Donation | 342.620858 ج ا م | 000050188 | 15/07/2025 | Book - Borrowing | |||||
| Dewey Decimal Classification | Donation-Gift | Central Library | Central Library | First floor | 18/04/2021 | Donation | 342.620858 ج ا م | 000050189 | 15/07/2025 | Book - Borrowing | |||||
| Dewey Decimal Classification | Donation-Gift | Central Library | Central Library | First floor | 18/04/2021 | Donation | 342.620858 ج ا م | 000050190 | 15/07/2025 | Book - Borrowing | |||||
| Dewey Decimal Classification | Donation-Gift | Central Library | Central Library | First floor | 18/04/2021 | Donation | 342.620858 ج ا م | 000050191 | 15/07/2025 | Book - Borrowing | |||||
| Dewey Decimal Classification | Donation-Gift | Central Library | Central Library | First floor | 18/04/2021 | Donation | 342.620858 ج ا م | 000050192 | 15/07/2025 | Book - Borrowing | |||||
| Dewey Decimal Classification | Donation-Gift | Central Library | Central Library | First floor | 18/04/2021 | Donation | 342.620858 ج ا م | 000050193 | 15/07/2025 | Book - Borrowing | |||||
| Dewey Decimal Classification | Donation-Gift | Central Library | Central Library | First floor | 18/04/2021 | Donation | 342.620858 ج ا م | 000050194 | 15/07/2025 | Book - Borrowing |